Tunel Blanka

Další autoři: Husák, Josef, 1947-
Jazyk: Čeština
Vydáno: [Praha] : [Magistrát hlavního města Prahy], [2015]
Témata:
Fyzický popis: 12 stran (některé rozkládací) : barevné ilustrace, mapy, portréty ; 20 cm
Knihy
Uloženo v:
LEADER 01279nam a22003852i 4500
001 001489888
003 CZ BrMZK
005 20160122085915.0
007 ta
008 150925s2015 xr abc e f 000 0 cze
020 |q (Brožováno) 
040 |a BOA001  |b cze  |e rda 
043 |a e-xr---  |b e-xr-pg  |2 czenas 
072 7 |a 624  |x Stavební inženýrství  |2 Konspekt  |9 19 
080 |a 625  |2 MRF 
080 |a 624.19  |2 MRF 
080 |a 69:005.54  |2 MRF 
080 |a (437.311)  |2 MRF 
080 |a (036)  |2 MRF 
245 0 0 |a Tunel Blanka 
264 1 |a [Praha] :  |b [Magistrát hlavního města Prahy],  |c [2015] 
300 |a 12 stran (některé rozkládací) :  |b barevné ilustrace, mapy, portréty ;  |c 20 cm 
336 |a text  |b txt  |2 rdacontent 
337 |a bez média  |b n  |2 rdamedia 
338 |a svazek  |b nc  |2 rdacarrier 
500 |a Název z obálky 
500 |a Fotografie: Josef Husák 
655 7 |a informační publikace  |7 fd132454  |2 czenas 
651 4 |a Tunelový komplex Blanka (Praha, Česko) 
651 7 |a Praha (Česko)  |7 ge118011  |2 czenas 
700 1 |a Husák, Josef,  |d 1947-  |7 jx20040902007  |4 pht 
910 |a BOA001  |b 2-1358.093 
990 |a BK 
991 |b 201601  |c NOV 
996 6 |b 2610651820  |c 2-1358.093  |l MZK  |r Sklad / do 1 hodiny  |n 0  |p p.v.  |w 001533685  |u 000010  |a 1  |e BOA001  |j MZK50  |s P